| 000 | 00800nam a2200241 a 4500 | ||
|---|---|---|---|
| 003 | DO-SdBNP | ||
| 005 | 20211028155146.0 | ||
| 007 | ta | ||
| 008 | 211028e2017 dr a|||er6||| 00| h spa d | ||
| 020 | _a9789945903638 | ||
| 040 |
_aDO-SdBNP _bspa _cBNPHU |
||
| 082 | 4 |
_222 _bP438v |
|
| 100 |
_975772 _aPeréz, Jorge E |
||
| 245 | 1 | 3 |
_aLas vacanas / _bJorge E Pérez; Color, Edison Montero; prólogo, A.J Martí |
| 260 |
_aSanto Domingo : _bMoro Estudio, _c2017 |
||
| 300 |
_a[49 p.] : _bil. ; _c26 cm. |
||
| 590 | _aInventariado 2021 / MF | ||
| 650 | 4 |
_98626 _aTiras Cómicas, Historietas, etc.. _xHistoria y Crítica |
|
| 650 | 4 |
_97198 _aArte de Tiras Cómicas _xRepública Dominicana. |
|
| 700 | 1 |
_aMartí, A.J _eprólogo _980383 |
|
| 700 | 1 |
_aMontero, Edison, _eilustrador _980384 |
|
| 942 |
_2ddc _cLBS1 |
||
| 999 |
_c50828 _d50828 |
||